Madera quemada : cuentos /

Bibliographic Details
Main Author: Roa Bastos, Augusto, 1917-2005
Format: Book
Language:English
Published: [Santiago, Chile] : Editorial Universitaria, [1972]
Edition:2. ed.
Series:Coleccion Letras de America, v.6

MARC

Tag First Indicator Second Indicator Subfields
LEADER 00000cam a2200000 4500
001 in00000336348
005 20190112063130.0
008 750627c19721967cl 00010 eng d
035 |a (OCoLC)01416024 
035 |9 ABM2174AM 
040 |c PSM  |d TXA  |d UtOrBLW 
049 |a TXAM  |c [1554697] 
090 |a PQ8259.R56  |b M3 1972 
100 1 |a Roa Bastos, Augusto,  |d 1917-2005. 
245 1 0 |a Madera quemada :  |b cuentos /  |c [por] Augusto Roa Bastos. 
250 |a 2. ed. 
264 1 |a [Santiago, Chile] :  |b Editorial Universitaria,  |c [1972] 
264 4 |c [©1967] 
300 |a 168 pages ;  |c 19 cm. 
336 |a text  |b txt  |2 rdacontent 
337 |a unmediated  |b n  |2 rdamedia 
338 |a volume  |b nc  |2 rdacarrier 
490 0 |a Coleccion Letras de America, v.6 
500 |a Libros Cormoran 
505 0 |a Kurupi.--Bajo el puente.--Nino-Azote.--El baldio.--El y el otro.--El viejo senor Obispo.--La excavacion.--El prisionero.--La tumba viva.--El trueno entre las hojas. 
999 |a MARS 
999 f f |s 037b2ef3-7555-383d-a92b-389b0ba138c1  |i db7fd9a4-99cd-3b4c-9a74-05fd7677dac6  |t 0 
952 f f |p ric  |a Texas A&M University  |b Rellis Campus  |c Joint Library Facility  |d Remote Storage  |t 0  |e PQ8259.R56 M3 1972  |h Library of Congress classification  |i unmediated -- volume  |m A14803837055 
998 f f |a PQ8259.R56 M3 1972  |t 0  |l Remote Storage